El hombre es un gran faisán en el mundo / (Registro nro. 10470)

Detalles MARC
000 -LIDER
fixed length control field 01170cam a2200397 4500
001 - NÚMERO DE CONTROL
Identificador de número de control a468
003 - IDENTIFICACDOR DE NÚMERO DE CONTROL
control field DO-SdBNP
005 - DATE AND TIME OF LATEST TRANSACTION
control field 20240325103846.0
007 - CAMPOS FIJOS DE DESCRIPCIÓN FÍSICA
fixed length control field a468
008 - ELEMENTOS DE LONGITUD FIJA
fixed length control field 100222s2009 sp || 000 f spa
015 ## - NÚMERO DENTRO DE LA BIBLIOGRAFÍA NACIONAL
National bibliography number
017 ## - NÚMERO DE REGISTRO DE DERECHOS DE AUTOR
Copyright or legal deposit number
Assigning agency
020 ## - ISBN
International Standard Book Number 9788466324700
035 ## - NÚMERO LOCAL
System control number
040 ## - FUENTE DE CATALOGACIÓN
Agencia que crea de manera original el registro BPMSU
Idioma de catalogación spa
Agencia que realiza la transcripción BPMSU
Convenciones de la despripción
041 1# - CÓDIGOS DE OBRAS TRADUCIDAS O EN VARIOS IDIOMAS
Código del idioma del texto/archivo de sonido o separata spa
Cód. del idioma original y/o traducciones intermedias del texto
080 ## - NÚMERO DE CLASIFICACIÓN DECIMAL UNIVERSAL
Universal Decimal Classification number
082 ## - NÚMERO DE CLASIFICACIÓN DECIMAL DE DEWEY
Classification number 859.3
Item number M958h 2009
Edition number 22
100 1# - ASIENTO PRINCIPAL -- NOMBRE PERSONAL
Nombre personal Müller, Herta
Fechas asociadas con el nombre 1953-
245 13 - MENCIÓN DE TITULO
Título El hombre es un gran faisán en el mundo /
Mención de responsabilidad Herta Müller ; traducción de Juan José Solar
Medio (Designación general de material)
250 ## - MENCIÓN DE EDICION
Mención de edición
260 ## - PUBLICACIÓN, DISTRIBUCIÓN, ETC. (PIE DE IMPRENTA)
Lugar de publicación, distribución, etc Madrid:
Nombre del editor, distribuidor, etc. Santillana Ediciones Generales,
Fecha de publicación, distribución, etc 2009
300 ## - DESCRIPCIÓN FÍSICA
Extensión 140 p. ;
Dimensiones 20 cm
440 ## - MENCIÓN DE SERIE/ENTRADA SECUNDARIA--TÍTULO
Nombre de la parte o sección de una obra
490 0# - MENCIÓN DE SERIES
Mención de serie Punto de lectura
Volume/sequential designation 386/2
534 ## - NOTA SOBRE LA VERSIÓN ORIGINAL
Frase introductoria Título original :
Mención del título original Der Mensch ist ein grosser Fasan auf der Welt
586 ## - AWARDS NOTE
Awards note Premio Nobel, 2009
590 ## - NOTA LOCAL
Texto de la nota local Inventariado, 2024/VM
650 #4 - ENCABEZAMIENTO DE MATERIA--TEMÁTICO
Término temático o nombre geográfico como elemento de entrada Novela Rumana
650 #4 - ENCABEZAMIENTO DE MATERIA--TEMÁTICO
Término temático o nombre geográfico como elemento de entrada Comunismo
Subdivisión de forma Novela
Subdivisión geográfica Rumanía
650 ## - ENCABEZAMIENTO DE MATERIA--TEMÁTICO
Término temático o nombre geográfico como elemento de entrada Dictadura
Subdivisión de forma Novela
Subdivisión geográfica Rumanía
650 #4 - ENCABEZAMIENTO DE MATERIA--TEMÁTICO
Término temático o nombre geográfico como elemento de entrada Familia
Subdivisión geográfica Romanía
Subdivisión de forma Novela.
700 1# - ASIENTO SECUNDARIO -- NOMBRE PERSONAL
Nombre personal Solar, Juán José del,
Fechas asociadas con el nombre 1948-2014
Mención de responsabilidad tr.
910 ## - VALIDACIÓN
Validación VMateo V. Control de calidad. BPMSU
942 ## - ADDED ENTRY ELEMENTS (KOHA)
Source of classification or shelving scheme Dewey Decimal Classification
Koha item type Libros
Existencias
Withdrawn status Lost status Source of classification or shelving scheme Damaged status Not for loan Collection code Home library Current library Date acquired Source of acquisition Total Checkouts Full call number Barcode Date last seen Price effective from Koha item type Copy number
    Dewey Decimal Classification     Colección General Biblioteca Pública Metropolitana Salomé Ureña Biblioteca Pública Metropolitana Salomé Ureña 06/21/2016 ALFAGUARA   BPMSU CG 859.3 M958h 2009 BPMSU18010071 06/21/2016 06/21/2016 Libros  
    Dewey Decimal Classification     Colección General Biblioteca Pública Metropolitana Salomé Ureña Biblioteca Pública Metropolitana Salomé Ureña 06/21/2016 ALFAGUARA   BPMSU CG 859.3 M958h 2009 BPMSU16060294 06/21/2016 06/21/2016 Libros e.2
    Dewey Decimal Classification     Colección General Biblioteca Pública Metropolitana Salomé Ureña Biblioteca Pública Metropolitana Salomé Ureña 06/21/2016 ALFAGUARA   BPMSU CG 859.3 M958h 2009 BPMSU16060295 06/21/2016 06/21/2016 Libros e.3